Vrai ou faux sur la série Merlin - Statistiques

Statistiques générales
  • Ce quiz a été pris 53 fois
  • Le résultat moyen est 12 sur 15
Statistiques - réponses
Question Réponse % Correct
Merlin est le fils de Gaius ? Faux
98%
Arthur ignore la magie de Merlin pendant presque toute la série ? Vrai
96%
Kilgharrah est un dragon allié d’Uther ? Faux
94%
Uther autorise officiellement la magie à Camelot ? Faux
94%
Guenièvre devient reine de Camelot ? Vrai
94%
Gaius est un sorcier pratiquant ouvertement la magie ? Faux
91%
Aithusa est un jeune dragon blanc ? Vrai
89%
Le Grand Dragon prédit la chute d’Arthur ? Vrai
89%
La série se termine par la mort d’Arthur ? Vrai
87%
Lancelot meurt pour sauver Camelot ? Vrai
79%
Morgane est la fille biologique d’Uther Pendragon ? Vrai
77%
Morgane meurt à la fin de la série ? Vrai
77%
Mordred est un chevalier de la Table Ronde ? Vrai
57%
Merlin révèle sa magie à Arthur avant la dernière bataille ? Faux
53%
Merlin est le dernier Dragonnier ? Faux
11%
Aucun quiz correspondant
Distribution des résultats
% des personnes avec chaque résultat
Percentile par nombre de réponses
Votre historique - résultats
Vous n’avez pas pris ce quiz